00604nam a2200181 a 4500001001000000003000900010005001700019007000300036008004100039040002500080082002400105100004400129245006400173260006000237300003100297504003100328651006300359000003525DO-SdBNP20240409180111.0ta081204s1938 dr c 001 0 spa d aDO-SdBNPbspacBNPHU 4a972.9304bA669h2221 aArchambault, Pedro M.,q(Pedro María)10aHistoria de la Restauración /cPedro María Archambault. aParís :bLa Librairie Technique et Economique,c1938. a330 p. :bretrs. ;c24 cm. aBibliografía: [325]-326. 0aREPÚBLICA DOMINICANAxHISTORIAyRESTAURACIÓN 1863-1865